[Event "Havana UCI op 9th"]
[Site "Havana"]
[Date "2010.11.16"]
[Round "6"]
[White "Leyva Quintanilla, Yunier"]
[Black "Martinez Morales, Randy Danniel"]
[Result "1/2-1/2"]
[WhiteElo "2110"]
[BlackElo "2053"]
[PlyCount "72"]
[EventDate "2010.11.08"]
[EventType "swiss"]
[EventRounds "9"]
[EventCountry "CUB"]
[SourceTitle "CBM 139 Extra"]
[Source "ChessBase"]
[SourceDate "2011.01.05"]
[SourceVersion "1"]
[SourceVersionDate "2011.01.05"]
[SourceQuality "1"]

1. d4 d5 2. Nf3 Nf6 3. Bf4 c6 4. e3 Qb6 5. Qc1 Nbd7 6. Bd3 Nh5 7. Be5 Nxe5 8. Nxe5 Nf6 9. 0-0 e6 10. Nd2 Be7 11. c3 Nd7 12. f4 f6 13. Nxd7 Bxd7 14. Qc2 f5 15. b4 g5 16. Nf3 g4 17. Ne5 Bd6 18. Rab1 Bxe5 19. fxe5 Rc8 20. Qf2 0-0 21. Qf4 Qd8 22. Qh6 Qe7 23. Rf4 Rf7 24. Rbf1 Rg7 25. R4f2 Qg5 26. Qxg5 Rxg5 27. g3 b5 28. a4 a6 29. Ra1 Rg7 30. Rc2 Be8 31. axb5 axb5 32. Ra6 h5 33. Rca2 Kf8 34. Ra8 Rxa8 35. Rxa8 Rc7 36. Kf2 Kf7 1/2-1/2

[Event "Havana UCI op 9th"]
[Site "Havana"]
[Date "2010.11.12"]
[Round "4"]
[White "Martinez Morales, Randy Danniel"]
[Black "Gonzalez Ochoa, Yoana"]
[Result "1/2-1/2"]
[WhiteElo "2053"]
[BlackElo "2031"]
[PlyCount "100"]
[EventDate "2010.11.08"]
[EventType "swiss"]
[EventRounds "9"]
[EventCountry "CUB"]
[SourceTitle "CBM 139 Extra"]
[Source "ChessBase"]
[SourceDate "2011.01.05"]
[SourceVersion "1"]
[SourceVersionDate "2011.01.05"]
[SourceQuality "1"]

1. e4 c5 2. Nf3 Nc6 3. d4 cxd4 4. Nxd4 Nf6 5. Nc3 e5 6. Ndb5 d6 7. Bg5 a6 8. Bxf6 gxf6 9. Na3 b5 10. Nd5 Bg7 11. c3 f5 12. exf5 Bxf5 13. Nc2 0-0 14. Nce3 Be6 15. Bd3 f5 16. Qh5 e4 17. Bc2 Ne7 18. Nf4 Bf7 19. Qg5 h6 20. Qh4 b4 21. cxb4 Bxb2 22. Rb1 Bc3+ 23. Kf1 Kh7 24. g4 Bf6 25. Qh3 d5 26. Nxf5 Nxf5 27. gxf5 Qc7 28. Nh5 Bxh5 29. Qxh5 Qxc2 30. Qg6+ Kh8 31. Qxh6+ Kg8 32. Rg1+ Kf7 33. Rg7+ Ke8 34. Rc1 Qd3+ 35. Kg1 e3 36. Re1 Qxf5 37. Qxe3+ Qe4 38. Qc1 Bxg7 39. Rxe4+ dxe4 40. Qc6+ Kf7 41. Qd5+ Kf6 42. Qxe4 Rae8 43. Qh4+ Kg6 44. Qg3+ Kh7 45. Qd3+ Kh8 46. Qxa6 Rf6 47. Qb5 Ref8 48. Qh5+ Kg8 49. Qd5+ Kh8 50. Qh5+ Kg8 1/2-1/2

[Event "Havana UCI op 9th"]
[Site "Havana"]
[Date "2010.11.09"]
[Round "1"]
[White "Cruz de la Osa, Reider"]
[Black "Martinez Morales, Randy Danniel"]
[Result "1-0"]
[WhiteElo "2239"]
[BlackElo "2053"]
[PlyCount "80"]
[EventDate "2010.11.08"]
[EventType "swiss"]
[EventRounds "9"]
[EventCountry "CUB"]
[SourceTitle "CBM 139 Extra"]
[Source "ChessBase"]
[SourceDate "2011.01.05"]
[SourceVersion "1"]
[SourceVersionDate "2011.01.05"]
[SourceQuality "1"]

1. e4 c5 2. c3 e6 3. d4 d5 4. e5 Qb6 5. Nf3 Bd7 6. Bd3 Bb5 7. dxc5 Bxc5 8. b4 Bxd3 9. Qxd3 Be7 10. 0-0 Qa6 11. b5 Qa4 12. Nd4 Nd7 13. Qg3 g6 14. Nd2 Bc5 15. N2f3 Ne7 16. Qf4 Bxd4 17. cxd4 h6 18. h4 Rc8 19. Bd2 Rc4 20. a3 Qxb5 21. Rfb1 Qc6 22. Bb4 b6 23. Nd2 Rc2 24. Nf1 a5 25. Bd6 Nf5 26. Ne3 Nxe3 27. fxe3 Qc3 28. Rf1 Rh7 29. a4 Qd2 30. Rf2 Rc1+ 31. Rxc1 Qxc1+ 32. Rf1 Qc2 33. e4 Qxe4 34. Qxe4 dxe4 35. Rc1 f5 36. Rc8+ Kf7 37. Rd8 Nxe5 38. dxe5 g5 39. Rd7+ Kg8 40. Rxh7 Kxh7 1-0

[Event "Havana UCI op 8th"]
[Site "Havana"]
[Date "2009.11.10"]
[Round "6"]
[White "Martinez Morales, Randy Danniel"]
[Black "Reyes Quesada, Yunior"]
[Result "0-1"]
[WhiteElo "2067"]
[BlackElo "2094"]
[PlyCount "70"]
[EventDate "2009.11.04"]
[EventType "swiss"]
[EventRounds "9"]
[EventCountry "CUB"]
[SourceTitle "EXT 2011"]
[Source "ChessBase"]
[SourceDate "2010.11.26"]
[SourceVersion "1"]
[SourceVersionDate "2010.11.26"]
[SourceQuality "1"]

1. e4 e5 2. Nf3 Nc6 3. Bc4 Bc5 4. d3 Nf6 5. c3 0-0 6. Be3 Bb6 7. Nbd2 d5 8. exd5 Nxd5 9. Bxd5 Qxd5 10. Nc4 Bg4 11. Nxb6 axb6 12. c4 Qd7 13. Qb3 Bxf3 14. gxf3 Qf5 15. 0-0-0 Rad8 16. Rhg1 Nd4 17. Bxd4 Rxd4 18. Rge1 Rfd8 19. Re3 Qf4 20. Kc2 Qxh2 21. Rde1 Qxf2+ 22. R1e2 Qf1 23. Rxe5 h5 24. R5e3 Rxd3 25. Qxd3 Rxd3 26. Kxd3 h4 27. Re8+ Kh7 28. Ke3 h3 29. Kf4 Qg1 30. R8e5 g6 31. Re7 h2 32. Rxf7+ Kh6 33. Re8 g5+ 34. Kf5 Qb1+ 35. Kg4 Kg6 0-1